| 000 | 00980nam a2200253Ia 4500 | ||
|---|---|---|---|
| 003 | OSt | ||
| 005 | 20221005111850.0 | ||
| 006 | a|||||r|||| 00| 0 | ||
| 007 | ta | ||
| 008 | 221004b |||||||| |||| 00| 0 hin d | ||
| 020 |
_a9878189921019 (hbk) _c665 |
||
| 024 | _a97967 | ||
| 037 |
_b536, 15/01/2009, Eastern Book Linkers _cTextual |
||
| 040 |
_aCRL _cCRL _bhin |
||
| 041 |
_2hin _ahin |
||
| 082 | _aND44,C9(Q4), 152P7(Q4) | ||
| 100 | _aविनय कुमार सिंह | ||
| 245 | 0 | _aबौद्ध तान्त्रिक देव प्रतिमाओं का अध्ययन | |
| 246 | _aBauddha tāntrik dev pratimāoan kā adhyayana | ||
| 260 |
_aवाराणसी _bकला प्रकाशन भारत _c2007 |
||
| 300 |
_a328पृ0 _ccm. |
||
| 942 |
_hND44,C9(Q4), 152P7(Q4) _cTEXL _2cc |
||
| 999 |
_c1023132 _d1023132 |
||